[Event "Laval op"]
[Site "Laval CAN"]
[Date "2016.06.25"]
[Round "5.10"]
[White "Durette, Francis"]
[Black "Chevalier, Francois"]
[Result "1-0"]
[WhiteElo "1897"]
[BlackElo "1768"]
[PlyCount "111"]
[EventDate "2016.06.23"]
[EventType "swiss"]
[EventRounds "7"]
[EventCountry "CAN"]

1. e4 c6 2. d4 d5 3. exd5 cxd5 4. c4 Nf6 5. Nf3 Nc6 6. Nc3 Bg4 7. cxd5 Nxd5 8.
Be2 e6 9. O-O Be7 10. Be3 O-O 11. Rc1 Nf6 12. a3 Rc8 13. h3 Bh5 14. Qd2 a6 15.
Rfd1 Qc7 16. b4 Qb8 17. Qb2 Rfd8 18. Na4 Nd5 19. Nc5 Bxc5 20. bxc5 Qc7 21. Ng5
Bxe2 22. Qxe2 Nf6 23. Rb1 Rd7 24. Rd3 Rcd8 25. Rbd1 Rd5 26. Nf3 R8d7 27. Ne5
Nxe5 28. Bf4 Qd8 29. Bxe5 Ne8 30. Qe3 Qe7 31. Bg3 Qd8 32. f4 g6 33. Bf2 Ng7 34.
g4 Qe7 35. Qf3 Qd8 36. Kg2 Kh8 37. Rc1 Qc8 38. Rb3 h6 39. Rcb1 Kh7 40. Rb4 f5
41. Qb3 fxg4 42. hxg4 Qf8 43. Be3 Qf6 44. Rxb7 Qh4 45. Qd1 h5 46. c6 Rd8 47.
Ra7 Kg8 48. c7 hxg4 49. cxd8=Q+ Rxd8 50. Qh1 Qf6 51. Rbb7 Nh5 52. Rf7 Qh8 53.
Rh7 Qf6 54. Raf7 Qxf7 55. Rxf7 Kxf7 56. Qc1 1-0

[Event "Laval op"]
[Site "Laval CAN"]
[Date "2016.06.25"]
[Round "5.11"]
[White "Lavergne, Daniel"]
[Black "Johnson-Constantin, Matthieu"]
[Result "1-0"]
[WhiteElo "1818"]
[BlackElo "1869"]
[PlyCount "53"]
[EventDate "2016.06.23"]
[EventType "swiss"]
[EventRounds "7"]
[EventCountry "CAN"]

1. e4 e6 2. d4 d5 3. Nc3 Bb4 4. e5 c5 5. a3 Bxc3+ 6. bxc3 Nc6 7. Qg4 g6 8. h4
Qc7 9. Rb1 Bd7 10. Nf3 O-O-O 11. h5 Nge7 12. Ng5 Nf5 13. Nxf7 cxd4 14. Bf4 dxc3
15. Nxh8 Ncd4 16. Bd3 Ba4 17. hxg6 Bxc2 18. Rxh7 Bxd3 19. Rxc7+ Kxc7 20. Rc1
Nc2+ 21. Rxc2 Bxc2 22. g7 Rg8 23. Qg6 Rxg7 24. Qxe6 Rh7 25. Qxd5 Rh1+ 26. Ke2
Bd1+ 27. Kd3 1-0

[Event "Laval op"]
[Site "Laval CAN"]
[Date "2016.06.25"]
[Round "5.12"]
[White "Gauthier, Denis"]
[Black "Steinberg, Ellis"]
[Result "1-0"]
[WhiteElo "1849"]
[BlackElo "1581"]
[PlyCount "60"]
[EventDate "2016.06.23"]
[EventType "swiss"]
[EventRounds "7"]
[EventCountry "CAN"]

1. d4 Nf6 2. c4 g6 3. Nc3 Bg7 4. e4 d6 5. Bd3 O-O 6. Nge2 e5 7. O-O Nc6 8. d5
Ne7 9. Ng3 Ne8 10. f4 exf4 11. Bxf4 f5 12. Qc2 fxe4 13. Ncxe4 Nf5 14. Bg5 Bd4+
15. Kh1 Qd7 16. Nxf5 gxf5 17. Bh6 Ng7 18. Ng3 Rf6 19. Bxg7 Qxg7 20. Nh5 Qh6 21.
Nxf6+ Bxf6 22. Bxf5 Bxf5 23. Qxf5 Be5 24. Qe6+ Qxe6 25. dxe6 Re8 26. Rf7 Bxb2
27. Rb1 Rxe6 28. Rxc7 Re4 29. Rxb7 Be5 30. Rxa7 Rxc4 1-0

[Event "Laval op"]
[Site "Laval CAN"]
[Date "2016.06.25"]
[Round "5.13"]
[White "Gauthier, Luc"]
[Black "Gil, Bernardo"]
[Result "1/2-1/2"]
[WhiteElo "1805"]
[BlackElo "1547"]
[PlyCount "132"]
[EventDate "2016.06.23"]
[EventType "swiss"]
[EventRounds "7"]
[EventCountry "CAN"]

1. e4 e6 2. d4 d5 3. e5 c5 4. c3 Qb6 5. Nf3 Nc6 6. Bd3 cxd4 7. cxd4 Bd7 8. O-O
Nxd4 9. Nbd2 Nxf3+ 10. Nxf3 Bb5 11. Be3 Qa6 12. Bxb5+ Qxb5 13. Nd4 Qd7 14. Rc1
Ne7 15. Nb3 b6 16. Nd4 g6 17. Qe2 a6 18. Bg5 Bg7 19. Bxe7 Qxe7 20. Rc6 Qb4 21.
Nf3 O-O 22. Rfc1 b5 23. Qc2 Bh6 24. Re1 Rfd8 25. a3 Qa5 26. Ra1 Rdb8 27. g4 Qd8
28. Rd6 Qe8 29. g5 Bf8 30. Rc6 Rc8 31. Rc1 Rxc6 32. Qxc6 Qxc6 33. Rxc6 Bg7 34.
Kf1 a5 35. b4 axb4 36. axb4 Ra4 37. Rc8+ Bf8 38. Nd4 Rxb4 39. Nc6 Rb1+ 40. Kg2
Kg7 41. Nb8 Be7 42. h4 h6 43. Re8 hxg5 44. Rxe7 gxh4 45. Nc6 b4 46. Rb7 b3 47.
Nd4 b2 48. Nxe6+ Kh6 49. Nf4 d4 50. Nd3 Rd1 51. Nxb2 Rb1 52. Rb4 g5 53. Nd3
Rxb4 54. Nxb4 Kg6 55. Nc2 d3 56. Ne3 Kg7 57. Kf3 Kf8 58. Ng4 Ke7 59. Ke3 Ke6
60. Kxd3 Kf5 61. f3 Kf4 62. Ke2 Kg3 63. Ke3 h3 64. Ke4 h2 65. Nxh2 Kxh2 66. Kf5
Kg3 1/2-1/2

[Event "Laval op"]
[Site "Laval CAN"]
[Date "2016.06.25"]
[Round "5.14"]
[White "Beaulieu, Pierre"]
[Black "Langlois-Remillard, Alexis"]
[Result "1/2-1/2"]
[WhiteElo "1781"]
[BlackElo "1797"]
[PlyCount "68"]
[EventDate "2016.06.23"]
[EventType "swiss"]
[EventRounds "7"]
[EventCountry "CAN"]

1. b3 e5 2. Bb2 Nc6 3. c4 d6 4. d3 f5 5. g3 Nf6 6. Bg2 g6 7. Nc3 Bg7 8. e3 O-O
9. Nge2 Bd7 10. Qd2 Rb8 11. O-O a6 12. Rac1 Kh8 13. a3 Na5 14. Qc2 c5 15. b4
cxb4 16. axb4 Nc6 17. Ba3 b5 18. cxb5 axb5 19. Nxb5 Nxb4 20. Bxb4 Bxb5 21. Ba3
Rf7 22. Rfe1 Ra7 23. Ra1 Ba4 24. Qc4 Bb3 25. Qc6 Rb6 26. Qc3 e4 27. d4 Nd5 28.
Qd2 Qa8 29. Bb2 Ba2 30. Nc3 Qb7 31. Bc1 Nxc3 32. Qxc3 Rc6 33. Qd2 Qb3 34. Qb2
Qxb2 1/2-1/2

[Event "Laval op"]
[Site "Laval CAN"]
[Date "2016.06.26"]
[Round "6.1"]
[White "Larochelle, Martial"]
[Black "Libersan, Thierry"]
[Result "1-0"]
[WhiteElo "2112"]
[BlackElo "2043"]
[PlyCount "65"]
[EventDate "2016.06.23"]
[EventType "swiss"]
[EventRounds "7"]
[EventCountry "CAN"]

1. d4 d5 2. c4 e5 3. dxe5 d4 4. Nf3 Nc6 5. a3 Nge7 6. Bf4 Ng6 7. Bg3 Bg4 8.
Nbd2 Qe7 9. Qc2 O-O-O 10. O-O-O Qe6 11. h3 Bf5 12. Qa4 Kb8 13. Nb3 d3 14. e3
Ngxe5 15. Bxe5 Nxe5 16. Nbd4 Qf6 17. Nxe5 Qxe5 18. Nxf5 Qxf5 19. Rxd3 Be7 20.
Qc2 Qa5 21. Be2 Rxd3 22. Bxd3 Rd8 23. Rd1 a6 24. Qb3 Qe5 25. Be2 Rxd1+ 26. Bxd1
Qh2 27. Bf3 Qg1+ 28. Kc2 Qxf2+ 29. Kb1 b5 30. cxb5 Qf1+ 31. Ka2 Qxb5 32. Qxf7
Bd6 33. Qg8+ 1-0

[Event "Laval op"]
[Site "Laval CAN"]
[Date "2016.06.26"]
[Round "6.2"]
[White "Oussedik, Elias"]
[Black "Chipanga, Takaedza"]
[Result "1/2-1/2"]
[WhiteElo "2218"]
[BlackElo "2125"]
[PlyCount "73"]
[EventDate "2016.06.23"]
[EventType "swiss"]
[EventRounds "7"]
[EventCountry "CAN"]

1. d4 d5 2. c4 dxc4 3. Nf3 Nf6 4. e3 e6 5. Bxc4 c5 6. O-O a6 7. dxc5 Qxd1 8.
Rxd1 Bxc5 9. a3 b5 10. Be2 Bb7 11. b4 Be7 12. Bb2 Nbd7 13. Bd4 O-O 14. Nbd2 Bd5
15. Ne1 Rfc8 16. f3 a5 17. e4 Bc6 18. Nd3 Nf8 19. Nb3 axb4 20. axb4 Ra4 21.
Nbc5 Rxa1 22. Rxa1 N6d7 23. Ra6 f6 24. Kf2 Kf7 25. Bd1 Nxc5 26. Nxc5 Rd8 27.
Ke3 Bxc5 28. bxc5 Rc8 29. Bb3 Ke7 30. Kd3 Nd7 31. Kc3 Rc7 32. h3 Nb8 33. Ra1
Bb7 34. Bf2 Na6 35. Ra5 Nxc5 36. Bxc5+ Rxc5+ 37. Kb4 1/2-1/2

[Event "Laval op"]
[Site "Laval CAN"]
[Date "2016.06.26"]
[Round "6.3"]
[White "Turcotte, Jonathan"]
[Black "Lopez Linares, Lizandro"]
[Result "0-1"]
[WhiteElo "1975"]
[BlackElo "1984"]
[PlyCount "74"]
[EventDate "2016.06.23"]
[EventType "swiss"]
[EventRounds "7"]
[EventCountry "CAN"]

1. d4 d5 2. c4 c6 3. Nf3 Nf6 4. Nc3 dxc4 5. a4 Bf5 6. Ne5 Nbd7 7. Nxc4 Nb6 8.
Ne5 a5 9. f3 Nfd7 10. Nxd7 Nxd7 11. e4 Bg6 12. Be3 Qb6 13. Qd2 e6 14. Bc4 Rd8
15. Qf2 Qb4 16. Ba2 Nb6 17. O-O Nc4 18. Bxc4 Qxc4 19. Rac1 Qb3 20. d5 Bb4 21.
dxc6 bxc6 22. Bc5 f6 23. f4 Qc4 24. Bxb4 Qxb4 25. f5 Bf7 26. e5 O-O 27. exf6
gxf6 28. fxe6 Bxe6 29. Rfe1 Bb3 30. Ne4 f5 31. Nc5 Bd5 32. Rc3 f4 33. Rd1 Rde8
34. h3 f3 35. Rd4 Re1+ 36. Kh2 Qb8+ 37. g3 Re2 0-1

[Event "Laval op"]
[Site "Laval CAN"]
[Date "2016.06.26"]
[Round "6.4"]
[White "Soudre, Nicolas"]
[Black "Tanaka, Tyler"]
[Result "1-0"]
[WhiteElo "2084"]
[BlackElo "1483"]
[PlyCount "163"]
[EventDate "2016.06.23"]
[EventType "swiss"]
[EventRounds "7"]
[EventCountry "CAN"]

1. e4 c5 2. Nc3 Nc6 3. f4 g6 4. Nf3 Bg7 5. Bb5 Nd4 6. O-O Nxb5 7. Nxb5 d5 8.
exd5 Nf6 9. c4 O-O 10. d4 a6 11. Nc3 cxd4 12. Qxd4 e6 13. Ne5 exd5 14. Nxd5
Nxd5 15. cxd5 f6 16. Nf3 Bg4 17. d6 Qd7 18. Be3 Rad8 19. Rad1 Rfe8 20. Qd5+ Be6
21. Qd3 Bf5 22. Qb3+ Be6 23. Qb4 Bf7 24. Bb6 Rc8 25. Bc7 Bf8 26. Qb6 Bc4 27.
Rfe1 Rxe1+ 28. Rxe1 Bb5 29. Qxb7 Bc4 30. Qb6 Bb5 31. Qd4 Kf7 32. Qd5+ Kg7 33.
Nd4 Re8 34. Rxe8 Qxe8 35. Qe6 Qxe6 36. Nxe6+ Kf7 37. Nd4 Bd7 38. Kf2 f5 39. Nb3
Bg7 40. Ke3 Bxb2 41. Nc5 Ke8 42. Nxa6 Bc1+ 43. Kf3 Bc6+ 44. Kg3 Ba3 45. Nb8 Bb5
46. Kf3 Bc5 47. g3 h5 48. h3 Ba7 49. g4 hxg4+ 50. hxg4 Bc5 51. gxf5 gxf5 52.
Kg3 Be3 53. Kh4 Ba7 54. Kg5 Bxb8 55. Bxb8 Bd3 56. Kf6 Kd7 57. Ke5 Bc2 58. Ba7
Bd3 59. Kd5 Bc2 60. Bd4 Bd3 61. Kc5 Bc2 62. Be5 Ba4 63. Kb4 Bc6 64. a4 Kc8 65.
a5 Kb7 66. Kc5 Bd7 67. Bc3 Be8 68. Kd5 Bd7 69. Bd4 Bc8 70. Bb6 Bd7 71. Bc7 Bc8
72. a6+ Kxa6 73. Kc6 Bb7+ 74. Kd7 Kb5 75. Ke7 Bc6 76. d7 Bxd7 77. Kxd7 Kc5 78.
Ke6 Kc6 79. Bd6 Kb7 80. Kxf5 Kc6 81. Ke6 Kb7 82. f5 1-0

[Event "Laval op"]
[Site "Laval CAN"]
[Date "2016.06.26"]
[Round "6.5"]
[White "Eshleman, Brandon"]
[Black "Huang, Qiuyu"]
[Result "0-1"]
[WhiteElo "2043"]
[BlackElo "1964"]
[PlyCount "76"]
[EventDate "2016.06.23"]
[EventType "swiss"]
[EventRounds "7"]
[EventCountry "CAN"]

1. e4 c5 2. Nf3 Nc6 3. d4 cxd4 4. Nxd4 g6 5. Nc3 Bg7 6. Be3 Nf6 7. Be2 O-O 8.
Qd2 d5 9. Nxc6 bxc6 10. O-O-O e6 11. e5 Nd7 12. f4 Qa5 13. Kb1 Rb8 14. Ka1 f6
15. exf6 Nxf6 16. Bd4 Qb4 17. Nb1 Qxd4 18. Qxd4 Ne4 19. Qxg7+ Kxg7 20. Rhf1 c5
21. c3 Nd6 22. g3 Nf5 23. Rfe1 Ne3 24. Rd2 e5 25. Bf3 d4 26. cxd4 cxd4 27. Be4
Bf5 28. Bxf5 Rxf5 29. fxe5 Rxe5 30. Na3 Rc8 31. Kb1 Nc4 32. Rdd1 Nxa3+ 33. bxa3
Rxe1 34. Rxe1 Kf6 35. Re4 Rc4 36. g4 a5 37. Kb2 a4 38. h4 h5 0-1

[Event "Laval op"]
[Site "Laval CAN"]
[Date "2016.06.26"]
[Round "6.6"]
[White "Johnson, Nicholas"]
[Black "Have, Didier"]
[Result "1-0"]
[WhiteElo "1992"]
[BlackElo "1974"]
[PlyCount "115"]
[EventDate "2016.06.23"]
[EventType "swiss"]
[EventRounds "7"]
[EventCountry "CAN"]

1. c4 e5 2. g3 Nf6 3. Bg2 c6 4. d4 exd4 5. Qxd4 d6 6. Nc3 Be7 7. Nf3 O-O 8. O-O
Be6 9. Rd1 Na6 10. Ng5 Qa5 11. Nxe6 fxe6 12. Bf3 e5 13. Qd2 Qc7 14. b3 Rad8 15.
Ba3 Rd7 16. Ne4 Nxe4 17. Bxe4 Qb6 18. e3 Bg5 19. Rf1 Rfd8 20. Bf5 d5 21. Bxd7
Rxd7 22. cxd5 cxd5 23. Qc2 Bf6 24. Rac1 g6 25. Rfd1 Nb8 26. Qc8+ Rd8 27. Qc7
Qa6 28. Be7 Re8 29. Bxf6 Qxf6 30. Qxb7 Rf8 31. Rf1 d4 32. exd4 exd4 33. Rc8
Rxc8 34. Qxc8+ Qf8 35. Qxf8+ Kxf8 36. Re1 Kf7 37. Kf1 Nc6 38. Re4 Kf6 39. Ke2
Kf5 40. Re8 h5 41. h3 Nb4 42. a4 Na2 43. Rb8 Ke4 44. f3+ Ke5 45. Rb5+ Kd6 46.
Kd3 Nc1+ 47. Kxd4 Ne2+ 48. Kc4 Nxg3 49. Rg5 Nf5 50. Rxg6+ Kc7 51. Rg5 Nd6+ 52.
Kd5 Ne8 53. b4 Kb7 54. Kc5 Nf6 55. Rg7+ Kb8 56. b5 h4 57. a5 Ka8 58. Rf7 1-0

[Event "Laval op"]
[Site "Laval CAN"]
[Date "2016.06.26"]
[Round "6.7"]
[White "Morin, Louis"]
[Black "Mathieu, Guillaume"]
[Result "1-0"]
[WhiteElo "1894"]
[BlackElo "2037"]
[PlyCount "71"]
[EventDate "2016.06.23"]
[EventType "swiss"]
[EventRounds "7"]
[EventCountry "CAN"]

1. e4 d6 2. d4 g6 3. Nf3 Bg7 4. Bc4 Nf6 5. Qd3 O-O 6. O-O Nc6 7. c3 d5 8. exd5
Bf5 9. Qe2 Nxd5 10. Na3 Re8 11. Rd1 h6 12. Nb5 e6 13. Ne5 g5 14. Qf3 Nce7 15.
h4 c6 16. hxg5 cxb5 17. Bxb5 hxg5 18. Bxe8 Qxe8 19. g4 Bh7 20. c4 Nf4 21. Bxf4
gxf4 22. Qxf4 Rd8 23. Rd2 Ng6 24. Nxg6 Bxg6 25. Rad1 e5 26. dxe5 Rxd2 27. Qxd2
Qxe5 28. b3 Kh7 29. f4 Qc5+ 30. Kf1 Qc6 31. Qh2+ Bh6 32. Rd5 f6 33. g5 fxg5 34.
fxg5 Bd3+ 35. Rxd3 Kg8 36. Qxh6 1-0

[Event "Laval op"]
[Site "Laval CAN"]
[Date "2016.06.26"]
[Round "6.8"]
[White "Jacquet, Stephane"]
[Black "Gauthier, Denis"]
[Result "1-0"]
[WhiteElo "1969"]
[BlackElo "1849"]
[PlyCount "109"]
[EventDate "2016.06.23"]
[EventType "swiss"]
[EventRounds "7"]
[EventCountry "CAN"]

1. d4 Nf6 2. Nc3 d5 3. Bg5 c5 4. e3 e6 5. Nf3 Nc6 6. Bb5 Be7 7. Ne5 Qb6 8. O-O
O-O 9. Bxc6 bxc6 10. Na4 Qb5 11. b3 cxd4 12. exd4 Re8 13. Qf3 Qb7 14. Rfe1 a5
15. Rad1 Qc7 16. c4 Ra7 17. c5 Rf8 18. Bxf6 Bxf6 19. Nb6 Bxe5 20. Rxe5 f6 21.
Re3 e5 22. Qh5 e4 23. Nxd5 cxd5 24. Qxd5+ Qf7 25. Qxe4 f5 26. Qe5 f4 27. Ree1
f3 28. g3 Ba6 29. Re3 Be2 30. Rc1 Raa8 31. Qe6 Rfe8 32. Qxf7+ Kxf7 33. d5 Rxe3
34. fxe3 Ke7 35. Kf2 h5 36. h4 Kd7 37. e4 Re8 38. Ke3 Rxe4+ 39. Kxe4 f2 40. Kf5
f1=Q+ 41. Rxf1 Bxf1 42. Kg6 Be2 43. a3 Bf3 44. d6 Kc6 45. b4 axb4 46. axb4 Bg4
47. Kxg7 Bd7 48. Kf6 Bg4 49. Ke7 Bf5 50. b5+ Kxb5 51. d7 Bxd7 52. Kxd7 Kxc5 53.
Ke6 Kd4 54. Kf5 Ke3 55. Kg5 1-0

[Event "Laval op"]
[Site "Laval CAN"]
[Date "2016.06.26"]
[Round "6.9"]
[White "Trahan, Daniel"]
[Black "Lavergne, Daniel"]
[Result "1-0"]
[WhiteElo "1962"]
[BlackElo "1818"]
[PlyCount "75"]
[EventDate "2016.06.23"]
[EventType "swiss"]
[EventRounds "7"]
[EventCountry "CAN"]

1. d4 Nf6 2. c4 c5 3. d5 b5 4. cxb5 a6 5. e3 Bb7 6. Nc3 axb5 7. Bxb5 Qa5 8. Bc4
e6 9. Bd2 Qb6 10. e4 Nxe4 11. Nf3 Nxd2 12. Qxd2 Be7 13. O-O O-O 14. Rfd1 Na6
15. a3 Bf6 16. Rab1 Nc7 17. Qc2 d6 18. dxe6 fxe6 19. Be2 Qc6 20. Bd3 h6 21. Ne4
Nd5 22. Nxf6+ Nxf6 23. Rbc1 e5 24. Bc4+ Kh8 25. Nh4 e4 26. Ng6+ Kh7 27. Nxf8+
Rxf8 28. h3 d5 29. Bf1 Nd7 30. b4 d4 31. bxc5 Ne5 32. Rxd4 Qg6 33. Kh1 Nf3 34.
Rd6 Qh5 35. gxf3 Rxf3 36. Bg2 Rxh3+ 37. Kg1 Qg5 38. c6 1-0

[Event "Laval op"]
[Site "Laval CAN"]
[Date "2016.06.26"]
[Round "6.10"]
[White "Saha, Ananda"]
[Black "Durette, Francis"]
[Result "1-0"]
[WhiteElo "1845"]
[BlackElo "1897"]
[PlyCount "101"]
[EventDate "2016.06.23"]
[EventType "swiss"]
[EventRounds "7"]
[EventCountry "CAN"]

1. d4 Nf6 2. c4 g6 3. Nc3 Bg7 4. e4 d6 5. Be2 O-O 6. Bg5 e5 7. dxe5 dxe5 8.
Qxd8 Rxd8 9. Nd5 Nbd7 10. Rd1 Rf8 11. Nxc7 Rb8 12. f3 h6 13. Be3 b6 14. Nh3 Bb7
15. O-O Nc5 16. Rd2 g5 17. g4 Rfd8 18. Rfd1 Rxd2 19. Rxd2 Ne8 20. Nxe8 Rxe8 21.
Bxc5 bxc5 22. Rd7 Rb8 23. b3 a5 24. Nf2 Bc6 25. Rc7 Rb6 26. Nd3 a4 27. Nxc5
axb3 28. Nxb3 Ba4 29. c5 Rb4 30. c6 Bxb3 31. axb3 Rxb3 32. Rd7 Rc3 33. c7 Bf8
34. Ba6 Bc5+ 35. Kg2 Rc2+ 36. Kh3 Be3 37. c8=R+ Rxc8 38. Bxc8 Bf4 39. Bb7 Kg7
40. Bd5 Kg6 41. Bxf7+ Kf6 42. Bd5 Kg6 43. Rd6+ Kg7 44. Be6 Kh8 45. Bf5 Kg7 46.
Rg6+ Kh7 47. Rxg5+ Kh8 48. Rh5 Kg7 49. Kg2 Bg5 50. Rxg5+ hxg5 51. h4 1-0

[Event "Laval op"]
[Site "Laval CAN"]
[Date "2016.06.26"]
[Round "6.11"]
[White "Langlois-Remillard, Alexis"]
[Black "Agnaieff, Vladimir"]
[Result "1-0"]
[WhiteElo "1797"]
[BlackElo "1830"]
[PlyCount "45"]
[EventDate "2016.06.23"]
[EventType "swiss"]
[EventRounds "7"]
[EventCountry "CAN"]

1. b3 e5 2. Bb2 Nc6 3. e3 f5 4. c4 Nf6 5. Nf3 d6 6. d4 e4 7. d5 exf3 8. dxc6
fxg2 9. Bxg2 b6 10. Nc3 Be6 11. Nb5 Bf7 12. Bxf6 gxf6 13. Nd4 d5 14. cxd5 Bxd5
15. Bxd5 Bb4+ 16. Kf1 Qxd5 17. Qh5+ Qf7 18. Qxf5 O-O 19. Ne6 Rfe8 20. Rg1+ Kh8
21. Rg7 Qxg7 22. Nxg7 Kxg7 23. Qg4+ 1-0

[Event "Laval op"]
[Site "Laval CAN"]
[Date "2016.06.26"]
[Round "6.12"]
[White "Johnson-Constantin, Matthieu"]
[Black "Lafleche, Alain"]
[Result "1-0"]
[WhiteElo "1869"]
[BlackElo "1719"]
[PlyCount "73"]
[EventDate "2016.06.23"]
[EventType "swiss"]
[EventRounds "7"]
[EventCountry "CAN"]

1. d4 Nf6 2. c4 g6 3. Nc3 Bg7 4. e4 d6 5. f3 O-O 6. Be3 c6 7. Nge2 Nbd7 8. g4
e5 9. d5 c5 10. Qd2 Qa5 11. Ng3 a6 12. h4 Ne8 13. h5 Nb6 14. hxg6 fxg6 15. Qh2
Rxf3 16. Qxh7+ Kf7 17. Bg5 Rxg3 18. Be2 Nd7 19. Kd2 Ndf6 20. Raf1 Bf5 21. Rxf5
gxf5 22. Qxf5 Rxc3 23. bxc3 Qxa2+ 24. Kd3 b5 25. Bxf6 Qxc4+ 26. Kd2 Qa2+ 27.
Ke3 Nxf6 28. g5 Rh8 29. Rxh8 Bxh8 30. gxf6 Bxf6 31. Bh5+ Ke7 32. Qe6+ Kd8 33.
Qxf6+ Kc7 34. Qe7+ Kb6 35. Qd8+ Kb7 36. Be8 Qc4 37. Bc6+ 1-0

[Event "Laval op"]
[Site "Laval CAN"]
[Date "2016.06.26"]
[Round "6.13"]
[White "Chevalier, Francois"]
[Black "Gauthier, Luc"]
[Result "1/2-1/2"]
[WhiteElo "1768"]
[BlackElo "1805"]
[PlyCount "59"]
[EventDate "2016.06.23"]
[EventType "swiss"]
[EventRounds "7"]
[EventCountry "CAN"]

1. d4 d5 2. Bf4 e6 3. e3 c5 4. c3 Nc6 5. Nd2 Bd6 6. Bxd6 Qxd6 7. Ngf3 f5 8. Bb5
Bd7 9. Bxc6 Bxc6 10. Ne5 Nf6 11. O-O O-O 12. Qc2 Rfc8 13. Rfe1 Be8 14. Rac1 c4
15. Qd1 b5 16. b4 a5 17. a3 axb4 18. axb4 Ra2 19. Rc2 Rca8 20. f3 R8a4 21. Rxa2
Rxa2 22. Nb1 Qa6 23. Re2 Ra1 24. Rb2 Qa3 25. Qc2 Qa6 26. Kf2 Nd7 27. Nxd7 Bxd7
28. Nd2 Be8 29. Rb1 Ra2 30. Rb2 1/2-1/2

[Event "Laval op"]
[Site "Laval CAN"]
[Date "2016.06.26"]
[Round "6.14"]
[White "Steinberg, Ellis"]
[Black "Beaulieu, Pierre"]
[Result "1-0"]
[WhiteElo "1581"]
[BlackElo "1781"]
[PlyCount "179"]
[EventDate "2016.06.23"]
[EventType "swiss"]
[EventRounds "7"]
[EventCountry "CAN"]

1. e4 g6 2. d4 Bg7 3. Nc3 d6 4. f4 Nd7 5. Nf3 Nh6 6. Bd3 O-O 7. h4 Nf6 8. e5
Nh5 9. Ne4 d5 10. Nf2 Ng3 11. Rh2 Ng4 12. Nxg4 Bxg4 13. Be3 h5 14. Bf2 Nf5 15.
Qd2 Qd7 16. c3 b6 17. Rh1 Bxf3 18. gxf3 Bh6 19. O-O-O Kh7 20. Kb1 a5 21. Rde1
e6 22. Re2 Rfe8 23. Rc1 Ne7 24. Be3 Rac8 25. Qe1 Nf5 26. Bd2 Bf8 27. Qf2 Qd8
28. Rh1 c5 29. Bb5 Re7 30. a4 c4 31. Kc2 Ra7 32. Kd1 Be7 33. Be1 Ng7 34. Qe3
Rb8 35. Qd2 Nf5 36. Reh2 Qg8 37. Ke2 Rd8 38. Kf1 Rc7 39. Kg2 Ng7 40. Kh3 Ra7
41. Rg2 Nf5 42. Rhg1 Rc8 43. Bf2 Qf8 44. Rb1 Qd8 45. Qe1 Bf8 46. Bg3 Qc7 47.
Rc2 Raa8 48. Qc1 Be7 49. Bf2 Qd8 50. Qe1 Rab8 51. b3 cxb3 52. Rxb3 Rc7 53. Rcb2
Qc8 54. Qd2 Bd8 55. Be1 Kg7 56. Qd3 Rc4 57. Ra3 Be7 58. Ra1 Qd8 59. Bxc4 Bxh4
60. Qe2 dxc4 61. Bf2 Bxf2 62. Qxf2 Qc7 63. Rab1 Ne7 64. Rb5 Nd5 65. Qd2 Qe7 66.
Rxa5 Qa3 67. Qb2 Qe7 68. Qd2 Rg8 69. Rxd5 exd5 70. Rxb6 Qd7+ 71. Kh4 Qd8+ 72.
Rf6 Qb8 73. Qc2 Kf8 74. a5 Ke7 75. Qa2 Qb3 76. Qxb3 cxb3 77. Rb6 Ra8 78. Rxb3
Rxa5 79. f5 Ra1 80. Rb7+ Kf8 81. f6 Kg8 82. Kg5 Ra8 83. Rd7 Rc8 84. Rxd5 Rxc3
85. Kh6 Rc8 86. Rc5 Rd8 87. d5 h4 88. e6 h3 89. e7 Ra8 90. Rc2 1-0

[Event "Laval op"]
[Site "Laval CAN"]
[Date "2016.06.26"]
[Round "6.15"]
[White "Lesage, Philippe"]
[Black "Gil, Bernardo"]
[Result "0-1"]
[WhiteElo "1802"]
[BlackElo "1547"]
[PlyCount "106"]
[EventDate "2016.06.23"]
[EventType "swiss"]
[EventRounds "7"]
[EventCountry "CAN"]

1. Nf3 d5 2. c4 e6 3. g3 Nf6 4. Bg2 b6 5. cxd5 exd5 6. O-O Bb7 7. Nc3 a6 8. d4
h6 9. Qb3 Nbd7 10. Bf4 c5 11. dxc5 Nxc5 12. Qd1 Nce4 13. Rc1 Bc5 14. Nxe4 Nxe4
15. b4 Bd6 16. Be3 O-O 17. Qb3 Nf6 18. Rfd1 b5 19. Nd4 Rc8 20. Rxc8 Qxc8 21.
Rc1 Qd7 22. a3 Rc8 23. Qb2 Rc4 24. Nb3 Qc7 25. Nc5 Bxc5 26. Bxc5 Nd7 27. Rxc4
dxc4 28. Bxb7 Qxb7 29. Bd4 f6 30. f3 Qc7 31. Qc3 Ne5 32. Kf2 Nc6 33. Bc5 Qe5
34. Qxe5 fxe5 35. Ke3 Kf7 36. f4 Ke6 37. Bf8 Kf6 38. fxe5+ Nxe5 39. Kd4 h5 40.
e4 Nf3+ 41. Ke3 Nxh2 42. Kd4 Nf1 43. Bd6 Ke6 44. Bf4 g5 45. Bxg5 Nxg3 46. Ke3
Nf1+ 47. Kd4 Ng3 48. Ke3 Nf1+ 49. Kd4 Nh2 50. Bf4 Nf3+ 51. Kc3 h4 52. a4 h3 53.
axb5 axb5 0-1

[Event "Laval op"]
[Site "Laval CAN"]
[Date "2016.06.26"]
[Round "7.1"]
[White "Chipanga, Takaedza"]
[Black "Larochelle, Martial"]
[Result "1-0"]
[WhiteElo "2125"]
[BlackElo "2112"]
[PlyCount "67"]
[EventDate "2016.06.23"]
[EventType "swiss"]
[EventRounds "7"]
[EventCountry "CAN"]

1. Nf3 d5 2. d4 Nf6 3. c4 dxc4 4. Qc2 Nc6 5. Qxc4 Qd5 6. Qxd5 Nxd5 7. a3 Bg4 8.
Nbd2 O-O-O 9. e4 Nf6 10. d5 Nb8 11. Ne5 Bh5 12. f3 Nfd7 13. Nd3 f6 14. Nb3 Bf7
15. Be3 e6 16. dxe6 Bxe6 17. Nd4 Bc4 18. Rc1 Bxd3 19. Bxd3 Ne5 20. Be2 Nbc6 21.
Nxc6 Nxc6 22. Kf2 Nd4 23. Bc4 c5 24. Bd5 Kb8 25. b4 b6 26. bxc5 bxc5 27. Bxd4
cxd4 28. Rb1+ Kc7 29. Rhc1+ Kd6 30. Rc6+ Ke7 31. Rb7+ Rd7 32. Re6+ Kd8 33. Rb8+
Kc7 34. Ree8 1-0

[Event "Laval op"]
[Site "Laval CAN"]
[Date "2016.06.26"]
[Round "7.2"]
[White "Libersan, Thierry"]
[Black "Oussedik, Elias"]
[Result "0-1"]
[WhiteElo "2043"]
[BlackElo "2218"]
[PlyCount "78"]
[EventDate "2016.06.23"]
[EventType "swiss"]
[EventRounds "7"]
[EventCountry "CAN"]

1. e4 e6 2. Qe2 c5 3. Nf3 Nc6 4. g3 g6 5. Bg2 Bg7 6. d3 Nge7 7. Nbd2 d5 8. O-O
O-O 9. Re1 e5 10. h3 h6 11. c3 d4 12. cxd4 cxd4 13. a4 Be6 14. b3 a6 15. Ba3 b5
16. Bc5 Qd7 17. Kh2 Na5 18. axb5 axb5 19. Ra3 Nb7 20. Rea1 Rxa3 21. Bxa3 Ra8
22. Qd1 Nc6 23. Ne1 Bf8 24. Bxf8 Rxa1 25. Qxa1 Kxf8 26. Nc2 Nba5 27. Qa3+ b4
28. Qa4 Qd6 29. Na1 Qc5 30. Nc4 Bxc4 31. bxc4 Qb6 32. Nb3 Nxb3 33. Qxb3 Na5 34.
Qb1 b3 35. Bf3 b2 36. Bd1 Qb4 37. Bc2 Qc3 38. Kg2 Kg7 39. Kf3 Nxc4 0-1

[Event "Laval op"]
[Site "Laval CAN"]
[Date "2016.06.26"]
[Round "7.3"]
[White "Lopez Linares, Lizandro"]
[Black "Soudre, Nicolas"]
[Result "1-0"]
[WhiteElo "1984"]
[BlackElo "2084"]
[PlyCount "115"]
[EventDate "2016.06.23"]
[EventType "swiss"]
[EventRounds "7"]
[EventCountry "CAN"]

1. d4 Nf6 2. Nf3 e6 3. c4 b6 4. g3 Bb4+ 5. Bd2 Be7 6. Bg2 Bb7 7. O-O O-O 8. Nc3
Na6 9. Qb1 c5 10. d5 exd5 11. Nh4 Ne4 12. Nxe4 dxe4 13. Bxe4 Bxe4 14. Qxe4 Bxh4
15. gxh4 Re8 16. Qg4 Qe7 17. Bc3 f6 18. Rad1 Rad8 19. Qg3 d6 20. Rd2 Nb4 21. b3
d5 22. Bxb4 cxb4 23. cxd5 Qe5 24. Qf3 Qe4 25. Qxe4 Rxe4 26. Rc1 Re5 27. d6 Re6
28. d7 Kf7 29. Rc7 a5 30. Rb7 Ke7 31. f3 Rd6 32. Rxd6 Kxd6 33. Rxb6+ Kc5 34.
Ra6 Rxd7 35. Rxa5+ Kd4 36. Kf2 Kc3 37. h5 Rd4 38. h3 Kb2 39. Kg3 Rd1 40. Ra4
Kc3 41. a3 bxa3 42. Rxa3 Rg1+ 43. Kf2 Rg5 44. h6 gxh6 45. Ra7 Kxb3 46. Rxh7 Rh5
47. Rf7 f5 48. Ke3 Kc4 49. Kf4 Rxh3 50. Rxf5 Rh1 51. e4 h5 52. Rd5 h4 53. Rd2
h3 54. Kg3 Rf1 55. Rh2 Kd4 56. Kf4 Rg1 57. Rxh3 Rg8 58. Rh5 1-0